000 01481nam a2200337 a 4500
005 20180803170403.0
008 170531b2017 ck do|||r|||| 00| 0 spa d
020 _a9789585951389
040 _aCO-BoIAVH
_cCO-BoIAVH
041 0 _aspa
044 _ack
082 0 4 _a641.3
_bC23i
100 1 _aCarrillo Bautista, Marcela Piedad
_eautora
245 1 4 _aLos ingredientes naturales de la Amazonia colombiana:
_bsus aplicaciones y especificaciones técnicas /
_cMaría Piedad Carrillo Bautista [y otros 6]
246 1 1 _aNatural ingredients from amazonian plant species:
_bapplications and techincal specifications
250 _aPrimera edición
260 _aBogotá (Colombia) :
_bInstituto Amazónico de Investigaciones Científicas - Sinchi,
_c2017.
300 _a112 páginas :
_btablas y fotografías a color ;
_c18 x 25 cm.
504 _aIncluye referencias bibliográficas: páginas 111-112.
650 2 6 _aIngredientes
650 2 6 _aEconomía ambiental
650 2 6 _aProductos forestales
651 4 _aAmazonia (Región, Colombia)
700 1 _aCardona Jaramillo, Juliana Erika Cristina
_eautora
700 1 _aDíaz Salcedo, Raquel Oriana
_eautora
700 1 _aOrduz Díaz, Luisa Lorena
_eautora
700 1 _aMosquera Narváez, Luis Eduardo
_eautor
700 1 _aHernández Gómez, María Soledad
_eautora
700 1 _aPeña Rojas, Luisa Fernanda
_eautora
942 _2ddc
_cLIBRO
999 _c19512
_d19512